00449nam a2200097Ia 4500008004100000245015200041260003300193300001700226650002300243856008500266160712s9999 xx 000 0 und d aRaul Pertierra. (2010). The Anthropology of New Media in the Philippines. Quezon City: Institute of Philippine Culture, Ateneo de Manila University c2011bSocial Science Diliman avol. 7 no. 1 xMASS COMMUNICATION uhttp://journals.upd.edu.ph/index.php/socialsciencediliman/issue/view/254/showToc